| 000 | 00796nam a22002297a 4500 | ||
|---|---|---|---|
| 999 |
_c16584 _d16584 |
||
| 003 | AR-CdUCM | ||
| 008 | 190503b ||||| |||| 00| 0 spa d | ||
| 040 |
_aMUNICIPALIDAD PROVINCIAL DEL CUSCO _cBIBLIOTECA MUNICIPAL DEL CUSCO |
||
| 041 | _hspa | ||
| 082 |
_a633.8 / L85 _bL85 |
||
| 100 |
_aLosa Avila y Palomares, Gregorio de _936102 |
||
| 245 |
_aDe los arboles; frutos; plantas; aves y de otras cosas medicinales...tiene este reyno ¨ _bSiglo XVIII / |
||
| 260 |
_aLa paz : _bSociedad geografica de La Paz _c1983 |
||
| 300 |
_a285 páginas : _c21 cm. |
||
| 440 |
_aSerie medicina _936103 |
||
| 505 | _aAnálisis y estudio -- Cuadros e índices | ||
| 650 |
_aMedicina _93637 |
||
| 650 |
_aPlantas _919530 |
||
| 650 |
_aAnimales _9917 |
||
| 942 |
_2ddc _cLIBROS |
||
| 945 |
_arjall _d2019-05-03 |
||